LDR 01345namaa2200325 i 4500 001 000000124593 003 CaOOAMICUS 005 20260512111707.0 008 110309s2010 it u000 u ita r 040 $aPUL$bita 082 04$a195 100 1 $aFabro, Cornelio,$cc.p.s.,$d1911-1995.$0(OLS)http://pul/name/634 245 12$aL'assoluto nell'esistenzialismo /$cCornelio Fabro. 250 $a2. ed. e 1. nella serie Opere Complete 2010. 260 $aSegni :$bEDIVI [Editrice del Verbo Incarnato],$c©2010. 300 $a128 pagine ;$c25 cm. 336 $atesto$btxt$2rdacontent 337 $asenza mediazione$bn$2rdamedia 338 $avolume$bnc$2rdacarrier 490 1 $aOpere complete di Cornelio Fabro ;$v11 504 $aBibliografia in nota. 650 4$aEsistenzialismo.$0(OLS)http://pul/subject/1923 830 0$aOpere complete di Cornelio Fabro ;$v11.$0(OLS)http://pul/title/131944 850 $aPUL 852 $aPUL$W1$xSL Filosofia 3$y81$m195 FABCO 1.11$j143475$qDDC 21$B142504$CPULBib$Z2$F142504 $H115644 $82 941 1 $a9 996 $6082$a195$9(OLS)http://pul/classification/342 996 $6245$aL'assoluto nell'esistenzialismo$9(OLS)http://pul/title/157064 996 $6260$aSegni :$bEDIVI [Editrice del Verbo Incarnato]$9(OLS)http://pul/publisher/78328